Die deutsche Schiffahrt in Wirtschaft und Recht

Guardado en:
Detalles Bibliográficos
Formato: Libro
Lenguaje:alemán
Publicado: Stuttgart Enke 1914
Etiquetas: Agregar Etiqueta
Sin Etiquetas, Sea el primero en etiquetar este registro!

MARC

LEADER 00000nam a2200000 4500
001 0312526
005 20251001085331.3
041 0 |a ger 
044 |a DE 
245 1 0 |a Die deutsche Schiffahrt in Wirtschaft und Recht  |c Christian Grotewold 
264 1 |a Stuttgart  |b Enke  |c 1914